Countries with most National Parks - Statistics

General Stats
  • This quiz has been taken 162 times
  • The average score is 18 of 25
Answer Stats
# Country % Correct
59 USA
100%
43 Canada
98%
208 China
98%
68 Brazil
97%
685 Australia
96%
102 India
95%
67 Mexico
95%
41 Russia
95%
33 Argentina
90%
50 Indonesia
88%
29 Japan
86%
36 Chile
85%
29 Sweden
80%
58 Colombia
78%
36 Norway
76%
37 Finland
74%
138 Thailand
72%
43 Venezuela
68%
41 Turkey
67%
30 Vietnam
58%
28 Iran
56%
54 Philippines
52%
69 Israel
24%
27 Bahamas
10%
56 Belize
7%
No matching quizzes found
Score Distribution
Percent of People with Each Score
Percentile by Number Answered
Your Score History
You have not taken this quiz